01165nas a2200265Ia 4500001001100000003000900011008004100020040001300061040001300074041001200087100004500099210002900144222002900173245014800202250001100350260004000361501008600401300002000487310001600507362002600523500026200549650003900811700002000850700002900870R707/F2503IT-RoPAU151124c99999999xx |||||||||||| ||und|| aIT-RoPAU cIT-RoPAU aTEDESCO aMaass WolfganggCodice Aut. SPICS: 51011 aZEITSCHRIFT FUR SEMIOTIK aZeitschrift Fur Semiotik aZEITSCHRIFT FUR SEMIOTIK, VOL. 20-N.1/2 (1998)bMoses: Ein Beispiel Fur Die Modellierung Raumlicher Leistungen Durch Ein Wegbeschreibungssystem a1a ed. aTUBINGENbSTAUFFENBURG VERLAGc1998 bPaulus - SPICS - Società San Paolo EM (non-commercial uses only)cCopyright2015 a14 p. [105-118] aTRIMESTRALE aVOL. 20, N.1/2 (1998) aMappe Come Fonte di Informazione Spaziale, Unite Alla Digitalizzazione Informatica. Ogni Funzione Spaziale Divisibile in Localizzazione, Orientamento, Scoperta e Descrizione del Percorso. Sistema Moses: Capacità di Descrizione del Percorso per Chi Non Con aSEMIOTICAvPUBBLICAZIONE PERIODICA aSchmauks Dagmar gCodice Aut. SPICS: 41562